00422nam a2200157Ia 4500008004100000082002100041100002600062245002600088250000600114260003300120300000700153600002600160630002600186700002600212730002600238151018s9999 xx 000 0 und d bRBASDV50291a824 aSwarajbrata Sengupta asurrealisro and other b1 bRanaissance publishersc2008 a72 aSwarajbrata Sengupta asurrealisro and other aSwarajbrata Sengupta asurrealisro and other